[Event "better than studying"]
[Site "SchemingMind.com"]
[Date "2008.10.01"]
[Round "-"]
[White "aadaam"]
[Black "maro"]
[Result "1-0"]
[WhiteCountry "INT"]
[BlackCountry "MEX"]
[WhiteElo "1761"]
[WhiteRD "48"]
[BlackElo "1273"]
[BlackRD "58"]
[GameID "173302"]

1. e4 e5 2. f4 exf4 3. Nf3 Bd6 4. d4 c6 5. e5 Be7 6. Bxf4 g5 7. Bg3 f6 8. Bc4 b5 9. Nxg5 bxc4 10. Qh5+ Kf8
11. Qf7#
1-0

[Event "better than studying"]
[Site "SchemingMind.com"]
[Date "2008.10.01"]
[Round "-"]
[White "maro"]
[Black "aadaam"]
[Result "0-1"]
[WhiteCountry "MEX"]
[BlackCountry "INT"]
[WhiteElo "1273"]
[WhiteRD "58"]
[BlackElo "1761"]
[BlackRD "48"]
[GameID "173303"]

1. e4 e6 2. d4 d5 3. e5 c5 4. Bb5+ Bd7 5. a4 Nc6 6. b3 a6 7. Bxc6 Bxc6 8. c4 dxc4 9. bxc4 Bxg2 10. d5 Bxh1
11. d6 Nf6 12. a5 Ne4 13. Qa4+ Qd7 14. Qb3 Bxd6 15. exd6 Nxd6 16. Qb6 O-O 17. Qxc5 Rac8 18. Qa3 Rxc4 19. Nd2 Rc6 20. Qa4 Rfc8
21. Ba3 Rc1+ 22. Bxc1 Rxc1+ 23. Ke2 Qxa4 24. Rxa4 Rxg1 25. Rd4 Bd5 26. f4 f6 27. Kf2 Rg2+ 28. Ke3 Nf5+
0-1

[Event "better than studying"]
[Site "SchemingMind.com"]
[Date "2008.10.03"]
[Round "-"]
[White "sthorwall"]
[Black "maro"]
[Result "1-0"]
[WhiteCountry "USA"]
[BlackCountry "MEX"]
[WhiteElo "1704"]
[WhiteRD "58"]
[BlackElo "1273"]
[BlackRD "58"]
[GameID "173508"]

1. e4 e5 2. Nf3 d6 3. d4 Nd7 4. Bc4 Ngf6 5. Ng5 c5 6. Nxf7 Qa5+ 7. Bd2 Qb6 8. Nxh8 cxd4 9. Nf7 Qxb2 10. Na3 Qxa3
11. Ng5 Nb6 12. Bb5+ Bd7 13. Bxd7+ Nbxd7 14. Ne6 Nxe4 15. Nc7+ Kd8 16. Nxa8 d3 17. cxd3 Qxd3 18. Ba5+
1-0

[Event "better than studying"]
[Site "SchemingMind.com"]
[Date "2008.10.03"]
[Round "-"]
[White "sthorwall"]
[Black "aadaam"]
[Result "1-0"]
[WhiteCountry "USA"]
[BlackCountry "INT"]
[WhiteElo "1704"]
[WhiteRD "58"]
[BlackElo "1761"]
[BlackRD "48"]
[GameID "173509"]

1. d4 e6 2. c4 Bb4+ 3. Nc3 Bxc3+ 4. bxc3 Nf6 5. Nf3 O-O 6. e3 c5 7. e4 Nxe4 8. Bd3 Nxc3 9. Qc2 cxd4 10. Nxd4 Nxa2
11. Qxa2 Nc6 12. Be3 Nb4 13. Qb3 Nxd3+ 14. Qxd3 d5 15. O-O dxc4 16. Qxc4 a6 17. Rfd1 Qe7 18. Nb3 Rd8 19. Bb6 Rxd1+ 20. Rxd1 g6
21. Rd8+ Kg7 22. Rxc8 Rxc8 23. Qxc8 Qb4 24. Bd4+
1-0

[Event "better than studying"]
[Site "SchemingMind.com"]
[Date "2008.10.03"]
[Round "-"]
[White "maro"]
[Black "sthorwall"]
[Result "0-1"]
[WhiteCountry "MEX"]
[BlackCountry "USA"]
[WhiteElo "1273"]
[WhiteRD "58"]
[BlackElo "1704"]
[BlackRD "58"]
[GameID "173510"]

1. e4 e5 2. d4 exd4 3. Qxd4 Nc6 4. Qc3 Bb4 5. Nf3 Bxc3+ 6. Bd2 Bxd2+ 7. Nbxd2 Nf6 8. O-O-O d6 9. Be2 Bg4 10. Nc4 Bxf3
11. Bxf3 O-O 12. Rhe1 Re8 13. e5 Nd7 14. e6 Rxe6
0-1

[Event "better than studying"]
[Site "SchemingMind.com"]
[Date "2008.10.03"]
[Round "-"]
[White "aadaam"]
[Black "sthorwall"]
[Result "1/2-1/2"]
[WhiteCountry "INT"]
[BlackCountry "USA"]
[WhiteElo "1761"]
[WhiteRD "48"]
[BlackElo "1704"]
[BlackRD "58"]
[GameID "173511"]

1. e4 e6 2. d4 d5 3. Nd2 Nf6 4. e5 Nfd7 5. f4 c5 6. c3 Nc6 7. Ngf3 c4 8. Be2 Be7 9. O-O O-O 10. b3 cxb3
11. axb3 a6 12. Ba3 b5 13. Bxe7 Nxe7 14. Bxb5 Nf5 15. Qe2 Bb7 16. Bxa6 Bxa6 17. Rxa6 Qc8 18. Rxa8 Qxa8 19. g4 Ne7 20. c4 Qa5
21. Rb1 Qc3 22. c5 Nc6 23. b4 Rb8 24. Qf2 Nxb4 25. Rb3 Qc2 26. Qe3 Qc1+ 27. Kg2 Nc2 28. Rxb8+ Nxb8 29. Qb3 Nd7 30. Qb7 Nf8
31. Qb1 Ne3+ 32. Kh3 Qxb1 33. Nxb1 Ng6 34. c6 h5 35. gxh5 Nxf4+ 36. Kh4 Nf5+ 37. Kg4 Nd3 38. c7 Nf2+ 39. Kf4 Nh3+ 40. Kg4 Nf2+
41. Kg5=
1/2-1/2

[Event "better than studying"]
[Site "SchemingMind.com"]
[Date "2008.10.04"]
[Round "-"]
[White "jtrochez1"]
[Black "maro"]
[Result "1-0"]
[WhiteCountry "HON"]
[BlackCountry "MEX"]
[WhiteElo "1623"]
[WhiteRD "58"]
[BlackElo "1273"]
[BlackRD "58"]
[GameID "173598"]

1. e4 e5 2. Nf3 d6 3. d4 f6 4. d5 f5 5. Bd3 f4 6. h3 g5 7. Nc3 g4 8. Ng1 Qh4 9. Qe2 f3 10. gxf3 g3
11. fxg3 Qxg3+ 12. Qf2 Qg6 13. Be3 Ne7 14. f4 Bg7 15. f5 Qh5 16. Be2 Qf7 17. O-O-O c6 18. h4 h5 19. Nf3 cxd5 20. Nxd5 Nxd5
21. Rxd5 b6 22. Ng5 Qc7 23. f6 Bh6 24. f7+ Kf8 25. Kb1 Nc6 26. Qf6 Bg7 27. Qxd6+ Qxd6 28. Rxd6
1-0

[Event "better than studying"]
[Site "SchemingMind.com"]
[Date "2008.10.04"]
[Round "-"]
[White "jtrochez1"]
[Black "sthorwall"]
[Result "0-1"]
[WhiteCountry "HON"]
[BlackCountry "USA"]
[WhiteElo "1571"]
[WhiteRD "54"]
[BlackElo "1739"]
[BlackRD "60"]
[GameID "173599"]

1. e4 c5 2. Nf3 d6 3. d4 cxd4 4. Nxd4 Nf6 5. Bd3 e5 6. Nf3 Be7 7. h3 d5 8. Nbd2 O-O 9. O-O dxe4 10. Nxe4 Bf5
11. Qe2 Bxe4 12. Bxe4 Nc6 13. Bxc6 bxc6 14. Nxe5 c5 15. c4 Bd6 16. Bg5 Qe7 17. Bxf6 Qxf6 18. Nd7 Qe7 19. Qxe7 Bxe7 20. Nxf8 Kxf8
21. b3 a5 22. f4 a4 23. f5 Bf6 24. Rab1 axb3 25. axb3 Ra2 26. b4 cxb4 27. Rxb4 Bd4+ 28. Kh1 Ke7 29. Rd1 Be5 30. c5 Rc2
31. Rb5 Kf6 32. g4 Rh2+ 33. Kg1 Rxh3 34. Kg2 Rg3+ 35. Kf1 Rxg4 36. Rc1 Rh4 37. Ke2 Re4+ 38. Kf3 Rf4+ 39. Kg2 Rg4+ 40. Kf3 Rf4+
41. Ke3 Ra4 42. Rb7 Bf4+ 43. Kd3 Bxc1 44. c6 Bf4 45. Rb5 Bc7 46. Rb7 Be5 47. Rb6 Kxf5 48. Rb5 Rd4+ 49. Ke3 Rc4 50. Rb6 Ke6
51. Kd3 Rc3+ 52. Ke4 f5#
0-1

[Event "better than studying"]
[Site "SchemingMind.com"]
[Date "2008.10.03"]
[Round "-"]
[White "jtrochez1"]
[Black "aadaam"]
[Result "1/2-1/2"]
[WhiteCountry "HON"]
[BlackCountry "INT"]
[WhiteElo "1623"]
[WhiteRD "58"]
[BlackElo "1761"]
[BlackRD "48"]
[GameID "173600"]

1. e4 e6 2. d4 d5 3. e5 c5 4. c3 Nc6 5. Nf3 Qb6 6. b3 f5 7. Be3 cxd4 8. Bxd4 Qc7 9. Bb5 Ne7 10. O-O a6
11. Bxc6+ Nxc6 12. Re1 Be7 13. a3 g5 14. b4 g4 15. Nfd2 Bd7 16. Nb3 h5 17. Nc5 Bxc5 18. bxc5 Na5 19. Nd2 Rc8 20. a4 O-O
21. f4 Rf7 22. g3 Rh7 23. Kg2 h4 24. Rh1 h3+ 25. Kf2 Bc6 26. Qe2 Qd7 27. Qd1 Qe8 28. Re1 Rd7 29. Qb1 Qd8=
1/2-1/2

[Event "better than studying"]
[Site "SchemingMind.com"]
[Date "2008.10.04"]
[Round "-"]
[White "maro"]
[Black "jtrochez1"]
[Result "0-1"]
[WhiteCountry "MEX"]
[BlackCountry "HON"]
[WhiteElo "1273"]
[WhiteRD "58"]
[BlackElo "1623"]
[BlackRD "58"]
[GameID "173602"]

1. e4 e5 2. d3 h6 3. Nc3 c6 4. a3 Nf6 5. b4 Be7 6. d4 d6 7. d5 a6 8. Be3 O-O 9. f4 Ng4 10. Qf3 Nxe3
11. Qxe3 Bf6 12. f5 Nd7 13. O-O-O Bg5 14. Qxg5 Qxg5+ 15. Rd2 Qe3
0-1

[Event "better than studying"]
[Site "SchemingMind.com"]
[Date "2008.10.04"]
[Round "-"]
[White "sthorwall"]
[Black "jtrochez1"]
[Result "0-1"]
[WhiteCountry "USA"]
[BlackCountry "HON"]
[WhiteElo "1704"]
[WhiteRD "58"]
[BlackElo "1623"]
[BlackRD "58"]
[GameID "173603"]

1. e4 e5 2. f4 d6 3. Nf3 Bg4 4. Bc4 Nc6 5. h3 Bxf3 6. Qxf3 Qf6 7. Nc3 Nd4 8. Qd3 Qxf4 9. Rf1 Qh4+ 10. Rf2 Nf6
11. Kd1 Qxf2 12. Qf1 Qxf1+ 13. Bxf1 c6 14. b4 Be7 15. b5 O-O 16. bxc6 bxc6 17. Rb1 Rfb8 18. Rxb8+ Rxb8 19. Bc4 Bd8 20. Ba3 d5
21. exd5 cxd5 22. Bd6 Rb2 23. Bxe5 dxc4 24. Bxd4 a6 25. Kc1 Rb7
0-1

[Event "better than studying"]
[Site "SchemingMind.com"]
[Date "2008.10.04"]
[Round "-"]
[White "aadaam"]
[Black "jtrochez1"]
[Result "1-0"]
[WhiteCountry "INT"]
[BlackCountry "HON"]
[WhiteElo "1778"]
[WhiteRD "44"]
[BlackElo "1532"]
[BlackRD "50"]
[GameID "173604"]

1. e4 e5 2. Nf3 d6 3. d4 exd4 4. Qxd4 Nc6 5. Bb5 Bd7 6. Bxc6 Bxc6 7. O-O Qf6 8. Re1 Qxd4 9. Nxd4 Bd7 10. c4 f6
11. Nc3 Ne7 12. Ncb5 Bxb5 13. Nxb5 Kd7 14. Be3 b6 15. Rad1 Nc8 16. Rd3 Be7 17. Nc3 Rd8 18. c5 bxc5 19. Bxc5 Ke8 20. Nd5 Rd7
21. Ba3 Nb6 22. b3 Nxd5 23. Rxd5 Kf7 24. f3 g6 25. Kf2 Rb8 26. Rc1 Kg7 27. Bb2 Kf7 28. Bd4 a6 29. Rc6 Ra8 30. Ra5 Bd8
31. Raxa6 Rxa6 32. Rxa6 c5 33. Bc3 Ke6 34. f4 h5 35. h3 Kf7 36. g4 h4 37. Kf3 g5 38. b4 cxb4 39. Bxb4 Be7 40. Rc6 Kg6
41. f5+ Kf7 42. a4 d5 43. Bxe7 Kxe7 44. Re6+ Kf7 45. exd5 Rxd5 46. Re3 Ra5 47. Re4 Kf8 48. Ke3 Rc5 49. Kd4 Ra5 50. Kc3 Rd5
51. Rd4 Ra5 52. Kb4 Re5 53. a5 Re3 54. a6 Re8 55. Rd7 Ra8 56. a7 Ke8 57. Rh7
1-0

[Event "better than studying"]
[Site "SchemingMind.com"]
[Date "2008.10.04"]
[Round "-"]
[White "staunton64"]
[Black "jtrochez1"]
[Result "1-0"]
[WhiteCountry "FRA"]
[BlackCountry "HON"]
[WhiteElo "1713"]
[WhiteRD "97"]
[BlackElo "1571"]
[BlackRD "54"]
[GameID "173626"]

1. c4 d6 2. Nc3 Nf6 3. g3 c6 4. Bg2 e5 5. d3 h6 6. Nf3 Bg4 7. h3 Bh5 8. O-O Be7 9. e4 Nfd7 10. Be3 b6
11. Qd2 Bg6 12. Rad1 Nf8 13. d4 Nbd7 14. dxe5 dxe5 15. a3 f6 16. b4 Ne6 17. Nh4 Bf7 18. Nf5 Bf8 19. c5 b5 20. Nd6+ Bxd6
21. Qxd6 Qc7 22. f4 Qxd6 23. Rxd6 Nb8 24. f5 Nc7 25. Rfd1 Nba6 26. Rxc6 O-O 27. Nd5 Rad8 28. Ne7+ Kh8 29. Rcd6 Rde8 30. Ng6+ Bxg6
31. fxg6 Nb8 32. c6 a6 33. Ba7 Rc8 34. Bxb8 Rxb8 35. h4 Rfe8 36. Bh3 Kg8 37. Rd7 Ne6 38. Bxe6+ Kf8 39. Rf7+ Kg8 40. Rb7+ Kf8
41. Rxb8 Rxb8 42. c7
1-0

[Event "better than studying"]
[Site "SchemingMind.com"]
[Date "2008.10.04"]
[Round "-"]
[White "staunton64"]
[Black "maro"]
[Result "1-0"]
[WhiteCountry "FRA"]
[BlackCountry "MEX"]
[WhiteElo "1704"]
[WhiteRD "103"]
[BlackElo "1273"]
[BlackRD "58"]
[GameID "173627"]

1. c4 d5 2. cxd5 Qxd5 3. Nc3 Qd6 4. Nf3 Nf6 5. e4 e5 6. d4 Nbd7 7. Nb5 Qb4+ 8. Bd2 Qxb2 9. Nxc7+ Kd8 10. Nxa8 Nxe4
11. dxe5 Bb4 12. Rb1 Bxd2+ 13. Nxd2 Qc3 14. Be2 Nxe5 15. Rc1 Qb4 16. Rc2 Be6 17. O-O Ke7 18. Nxe4 Rd8 19. Rc7+ Bd7 20. Qd5
1-0

[Event "better than studying"]
[Site "SchemingMind.com"]
[Date "2008.10.04"]
[Round "-"]
[White "staunton64"]
[Black "sthorwall"]
[Result "1-0"]
[WhiteCountry "FRA"]
[BlackCountry "USA"]
[WhiteElo "1704"]
[WhiteRD "103"]
[BlackElo "1704"]
[BlackRD "58"]
[GameID "173628"]

1. c4 Nf6 2. Nc3 e5 3. g3 Bb4 4. Bg2 O-O 5. a3 Bxc3 6. bxc3 d5 7. cxd5 Nxd5 8. Bb2 Nd7 9. Bxd5 Nb6 10. Bg2 Be6
11. d3 c6 12. Nf3 e4 13. dxe4 Qxd1+ 14. Rxd1 Rad8 15. O-O Bb3 16. Rxd8 Rxd8 17. Nd4 Ba4 18. Bc1 f6 19. f4 c5 20. Nf5 Rd1
21. Rxd1 Bxd1 22. Bf1
1-0

[Event "better than studying"]
[Site "SchemingMind.com"]
[Date "2008.10.04"]
[Round "-"]
[White "staunton64"]
[Black "aadaam"]
[Result "1-0"]
[WhiteCountry "FRA"]
[BlackCountry "INT"]
[WhiteElo "1704"]
[WhiteRD "103"]
[BlackElo "1761"]
[BlackRD "48"]
[GameID "173629"]

1. c4 e6 2. Nc3 Nf6 3. g3 d5 4. cxd5 exd5 5. Bg2 c6 6. b3 Bf5 7. d3 Nbd7 8. Bb2 Bb4 9. a3 Ba5 10. b4 Bc7
11. e3 O-O 12. Nge2 Re8 13. O-O a5 14. f3 axb4 15. axb4 Rxa1 16. Bxa1 Rxe3 17. Nf4 Bxf4 18. gxf4 Rxd3 19. Qc1 Qb6+ 20. Kh1 Qxb4
21. Ne2 Qd2 22. Ng3 Qxc1 23. Rxc1 Bg6 24. Be5 Nxe5 25. fxe5 Nd7 26. f4 Rb3 27. f5 Nxe5 28. fxg6 hxg6 29. Ra1 c5 30. Bxd5
1-0

[Event "better than studying"]
[Site "SchemingMind.com"]
[Date "2008.10.04"]
[Round "-"]
[White "jtrochez1"]
[Black "staunton64"]
[Result "0-1"]
[WhiteCountry "HON"]
[BlackCountry "FRA"]
[WhiteElo "1532"]
[WhiteRD "50"]
[BlackElo "1702"]
[BlackRD "87"]
[GameID "173631"]

1. e4 c5 2. Nf3 Nc6 3. c3 Nf6 4. d3 e6 5. h3 Be7 6. Be2 O-O 7. Be3 d5 8. Nbd2 a6 9. Qc2 b5 10. e5 Nd7
11. d4 cxd4 12. cxd4 Bb7 13. a3 f6 14. O-O fxe5 15. dxe5 Ncxe5 16. Rac1 Rc8 17. Qb1 Bf6 18. Rxc8 Bxc8 19. b4 Bb7 20. Nxe5 Nxe5
21. Rc1 Nc4 22. Nxc4 dxc4 23. Rd1 Qc7 24. f3 c3 25. Qc2 Qg3 26. Bf2 Qc7 27. Bc5 Rd8 28. Bd3 g6 29. Re1 Bd5 30. Qf2 Bb3
31. Bb6 Qd7 32. Bxd8 Qxd8 33. Bc2 Bd4 34. Re3 Bxc2 35. Qxc2 Bxe3+ 36. Kf1 Qd2 37. Qxd2 Bxd2 38. Ke2 Kf7 39. Kd3 Kf6 40. g3 h5
41. Kc2 Ke5 42. Kd3 Kd5 43. h4 Ke5 44. g4 hxg4 45. fxg4 Kf4 46. g5 Kg4 47. h5 Kxh5 48. Kc2 Kxg5 49. Kd3 e5
0-1

[Event "better than studying"]
[Site "SchemingMind.com"]
[Date "2008.10.04"]
[Round "-"]
[White "maro"]
[Black "staunton64"]
[Result "0-1"]
[WhiteCountry "MEX"]
[BlackCountry "FRA"]
[WhiteElo "1264"]
[WhiteRD "52"]
[BlackElo "1713"]
[BlackRD "97"]
[GameID "173632"]

1. e4 c5 2. Bc4 e6 3. e5 Nc6 4. Nf3 d5 5. Bb3 Nh6 6. Qe2 Be7 7. O-O O-O 8. c4 f6 9. d3 Nf7 10. Nbd2 Ncxe5
11. Nxe5 Nxe5 12. f4 Ng6 13. f5 exf5 14. cxd5 b6 15. d6+ Kh8 16. dxe7 Nxe7 17. Qh5 Bb7 18. Bc4 Qc7 19. Nf3 Qc6 20. Be3 b5
21. Bf7 g6 22. Qh4 Rxf7 23. Rae1 Re8 24. d4 Nd5 25. Qf2 Rfe7 26. Qc2 Nxe3 27. Ne5 Nxc2
0-1

[Event "better than studying"]
[Site "SchemingMind.com"]
[Date "2008.10.04"]
[Round "-"]
[White "sthorwall"]
[Black "staunton64"]
[Result "1-0"]
[WhiteCountry "USA"]
[BlackCountry "FRA"]
[WhiteElo "1739"]
[WhiteRD "60"]
[BlackElo "1713"]
[BlackRD "97"]
[GameID "173633"]

1. d4 Nf6 2. c4 e6 3. Nf3 b6 4. g3 Bb7 5. Bg2 d5 6. cxd5 Bxd5 7. O-O Be7 8. Nc3 Bb7 9. Nh4 Bxg2 10. Nxg2 O-O
11. Bg5 Nc6 12. Bxf6 Bxf6 13. e3 Ne7 14. Ne4 Ng6 15. f4 Be7 16. Rc1 Rc8 17. Qa4 Qd5 18. Nc3 Qb7 19. Nb5 a6 20. Nxc7 Rxc7
21. Rxc7 Qxc7 22. Qxa6 Qc6 23. e4 Ra8 24. Qe2 Ra7 25. f5 exf5 26. exf5 Nf8 27. Rd1 Bf6 28. b3 Rd7 29. Qf2 Qd5 30. Nf4 Qxf5
31. d5 g5 32. Ng2 Qxf2+ 33. Kxf2 Rd6 34. Ne3 Ng6 35. Nc4 Rd7 36. Nxb6 Ra7 37. a4 Rb7 38. a5 Bd8 39. Nc4 Ne7 40. a6 Ra7
41. Ra1 Nc8 42. Ke3 f5 43. b4 Nb6 44. Nxb6 Bxb6+ 45. Kd3 Rc7 46. Rf1 Rf7 47. b5 Kf8 48. Rc1 Ke8 49. Rc6 Ba7 50. b6 Bxb6
51. Rxb6 f4 52. Rb8+
1-0

[Event "better than studying"]
[Site "SchemingMind.com"]
[Date "2008.10.04"]
[Round "-"]
[White "aadaam"]
[Black "staunton64"]
[Result "0-1"]
[WhiteCountry "INT"]
[BlackCountry "FRA"]
[WhiteElo "1761"]
[WhiteRD "48"]
[BlackElo "1704"]
[BlackRD "103"]
[GameID "173634"]

1. e4 c5 2. Nf3 Nc6 3. d4 cxd4 4. Nxd4 Nf6 5. Nc3 a6 6. Be2 e6 7. O-O Be7 8. f3 O-O 9. Be3 Rb8 10. a3 b5
11. Nxc6 dxc6 12. e5 Nd5 13. Nxd5 cxd5 14. c3 f6 15. Bd4 fxe5 16. Bxe5 Bd6 17. Bxd6 Qxd6 18. Re1 Bb7 19. Qb3 Bc6 20. Rad1 Rf6
21. Rd2 Rbf8 22. Kh1 Rh6 23. g3 Kh8 24. Qb4 Qxb4 25. axb4 e5 26. Bd1 d4 27. Kg2 Rhf6 28. Rf1 e4 29. Rxd4 exf3+ 30. Kf2 Rh6
31. h4 g5 32. hxg5 Rh2+ 33. Ke3 Rh3 34. Bxf3 Rxg3 35. Rf4 Re8+ 36. Kd2 Bxf3 37. R1xf3 Rg2+ 38. Rf2 Rxf2+ 39. Rxf2 Kg7 40. b3 Kg6
41. Rg2 Re5 42. c4 Rxg5 43. Rxg5+ Kxg5 44. c5 Kf5 45. Ke3 Ke5 46. c6 Kd6
0-1

[Event "better than studying"]
[Site "SchemingMind.com"]
[Date "2008.10.04"]
[Round "-"]
[White "Jochen"]
[Black "jtrochez1"]
[Result "0-1"]
[WhiteCountry "GBR"]
[BlackCountry "HON"]
[WhiteElo "1114"]
[WhiteRD "72"]
[BlackElo "1571"]
[BlackRD "54"]
[GameID "173674"]

1. d4 d5 2. e4 dxe4 3. c3 e6 4. Nh3 h6 5. Nf4 Nf6 6. Nd2 Bd6 7. Nh5 Nxh5 8. Nxe4 Nf6 9. f3 Nxe4 10. Bb5+ c6
11. Bc4 Nf6 12. Qd3 O-O 13. g3 Nd5 14. a3 Qc7 15. Bd2 b5 16. Bb3 Nd7 17. O-O f5 18. f4 N7f6 19. h3 Ne4 20. Be1 a5
21. a4 Rf6 22. Rd1 Rg6 23. Rf3 Bxf4 24. Kh2 Bg5 25. Kg1 b4 26. cxb4 Nxb4 27. Qc4 Nd5 28. Rb1 Ba6 29. Qc2 Kf8 30. h4 Be3+
31. Kh2 Bxd4 32. h5 Rf6 33. Rd1 Be5 34. Kg2 Bb7 35. Rc1 Qb6 36. Kh3 Ng5+ 37. Kg2 Nxf3 38. Bf2 Qc7 39. Kxf3 Nb4 40. Qc5+ Bd6
41. Qd4 c5+ 42. Bd5 Bxd5+ 43. Qe4 Bxe4+ 44. Ke3 f4+ 45. Kxe4 Qc6#
0-1

[Event "better than studying"]
[Site "SchemingMind.com"]
[Date "2008.10.04"]
[Round "-"]
[White "Jochen"]
[Black "maro"]
[Result "0-1"]
[WhiteCountry "GBR"]
[BlackCountry "MEX"]
[WhiteElo "1114"]
[WhiteRD "72"]
[BlackElo "1264"]
[BlackRD "52"]
[GameID "173675"]

1. d4 d5 2. e3 e6 3. Nc3 f5 4. Bb5+ c6 5. Ba4 Bd7 6. Qh5+ g6 7. Qf3 b5 8. Bb3 a5 9. a4 b4 10. Nce2 h5
11. Qg3 h4 12. Qe5 Nf6 13. Nh3 Bg7 14. O-O Nh5 15. Qd6 Ra6 16. Nef4 c5 17. Qxc5 Nf6 18. Nxg6 Rh5 19. Nhf4 Ne4 20. Qe7+ Qxe7
21. Nxe7 Rg5 22. Ng8 Nc6 23. Nd3 h3 24. Nf4 hxg2 25. Re1 Ne7 26. Nxe7 Kxe7 27. Nh3 Rg4 28. Nf4 Rd6 29. Nh5 Bh6 30. Ba2 Bxa4
31. Bb3 Bxb3 32. cxb3 Rc6 33. Rxa5 Rc2 34. Ra7+ Kf8 35. Ra8+ Kf7 36. Ra7+ Kg6 37. f3 Rg5 38. Nf4+ Kf6 39. Nxg2 Rcxg2+ 40. Kh1 Nf2#
0-1

[Event "better than studying"]
[Site "SchemingMind.com"]
[Date "2008.10.04"]
[Round "-"]
[White "Jochen"]
[Black "sthorwall"]
[Result "0-1"]
[WhiteCountry "GBR"]
[BlackCountry "USA"]
[WhiteElo "1122"]
[WhiteRD "73"]
[BlackElo "1704"]
[BlackRD "58"]
[GameID "173676"]

1. Nf3 Nc6 2. Nc3 e5 3. e3 Nf6 4. Bb5 e4 5. Nd4 Bc5 6. O-O d5 7. a3 O-O 8. b4 Bxd4 9. Bb2 Bxc3 10. Bxc3 d4
11. exd4 Nxd4 12. Bc4 Nc6 13. Qe1 Bf5 14. b5 Nd4 15. Rc1 e3 16. dxe3 Nxc2 17. Qe2 Nxa3 18. Bd3 Bxd3 19. Qf3 Bxf1 20. Qxb7 Rb8
21. Qf3 Bxb5 22. Bd4 Nc4 23. Rd1 Ba4 24. Rc1 Qd5 25. Bxa7 Qxf3 26. gxf3 Rbd8 27. Rxc4 Bd1 28. Rxc7 Bxf3 29. h4 Rd1+ 30. Kh2 Ne4
31. Kh3 Rh1#
0-1

[Event "better than studying"]
[Site "SchemingMind.com"]
[Date "2008.10.04"]
[Round "-"]
[White "Jochen"]
[Black "staunton64"]
[Result "0-1"]
[WhiteCountry "GBR"]
[BlackCountry "FRA"]
[WhiteElo "1114"]
[WhiteRD "72"]
[BlackElo "1713"]
[BlackRD "97"]
[GameID "173677"]

1. Nf3 c5 2. Nc3 Nf6 3. e3 Nc6 4. Bb5 a6 5. Bc4 e6 6. a3 b5 7. Bb3 c4 8. Ba2 Bb7 9. O-O Be7 10. Qe2 O-O
11. h3 d5 12. Ng5 h6 13. Nf3 Re8 14. Nd4 Nxd4 15. exd4 Ne4 16. b3 Bf6 17. d3 Nxc3 18. Qe3 Nxa2 19. Rxa2 cxb3 20. cxb3 Bg5
21. Qg3 Bxc1 22. Rxc1 Rc8 23. Re1 Qc7 24. Raa1 Qxg3 25. fxg3 Rc3 26. b4 Rxd3 27. g4 Rxd4 28. Rac1 Rc4 29. Rcd1 Rec8 30. g3 Rc2
31. h4 R8c3 32. Kf1 Rxg3 33. g5 Rgg2 34. g6 Rcf2#
0-1

[Event "better than studying"]
[Site "SchemingMind.com"]
[Date "2008.10.04"]
[Round "-"]
[White "Jochen"]
[Black "aadaam"]
[Result "0-1"]
[WhiteCountry "GBR"]
[BlackCountry "INT"]
[WhiteElo "1122"]
[WhiteRD "73"]
[BlackElo "1761"]
[BlackRD "48"]
[GameID "173678"]

1. e3 e5 2. Nf3 e4 3. Ne5 Qe7 4. Ng4 d5 5. Bb5+ c6 6. Ba4 Bxg4 7. Qxg4 Nd7 8. Nc3 Ngf6 9. Qf4 Nc5 10. O-O Nxa4
11. Nxa4 Qb4 12. Qe5+ Be7 13. b3 O-O-O 14. h3 h6 15. Qf5+ Kb8 16. Qe5+ Bd6 17. Qc3 Qxc3 18. dxc3 Be5 19. g3 b5 20. Nc5 Bxc3
21. Na6+ Kb7 22. Nc5+ Kb6 23. b4 Bxa1 24. Nb3 Bc3 25. Nc5 Bxb4 26. Nb3 a5 27. Nd4 Nd7 28. Nf5 g6 29. Nd4 f5 30. a3 Bd6
31. Ne6 Rde8 32. Ng7 Re7 33. Bb2 Rg8 34. Rd1 Rgxg7 35. Bd4+ Bc5 36. Rb1 Bxd4 37. exd4 c5 38. c3 g5 39. a4 b4 40. Kf1 f4
41. cxb4 cxb4 42. Rc1 fxg3 43. fxg3 Rgf7+ 44. Ke2 Rf3 45. Kd2 e3+ 46. Kc2 e2 47. Re1 Rf1 48. Kd2 Rxe1 49. Kxe1 b3 50. h4 b2
51. hxg5 b1=Q+ 52. Kd2 e1=B#
0-1

[Event "better than studying"]
[Site "SchemingMind.com"]
[Date "2008.10.04"]
[Round "-"]
[White "jtrochez1"]
[Black "Jochen"]
[Result "1-0"]
[WhiteCountry "HON"]
[BlackCountry "GBR"]
[WhiteElo "1623"]
[WhiteRD "58"]
[BlackElo "1122"]
[BlackRD "73"]
[GameID "173680"]

1. e4 e6 2. d4 Bb4+ 3. c3 Ba5 4. Nf3 h6 5. Bd3 f6 6. e5 Nc6 7. Be3 Nge7 8. Qc2 Bb6 9. Nbd2 Nd5 10. Bg6+ Kf8
11. Ne4 Qe7 12. Nfd2 fxe5 13. dxe5 Nxe5 14. Bxb6 cxb6 15. Bh5 Qh4 16. Be2 Nf4 17. Bf1 a6 18. O-O-O b5 19. g3 Qg4 20. gxf4 Qxf4
21. Kb1 Ng6 22. f3 d6 23. Nxd6 Qxd6 24. Qxg6 Qe5 25. Ne4 Qf4 26. Rd8+ Ke7 27. Rxh8 Qxf3 28. Qe8#
1-0

[Event "better than studying"]
[Site "SchemingMind.com"]
[Date "2008.10.04"]
[Round "-"]
[White "maro"]
[Black "Jochen"]
[Result "1-0"]
[WhiteCountry "MEX"]
[BlackCountry "GBR"]
[WhiteElo "1264"]
[WhiteRD "52"]
[BlackElo "1114"]
[BlackRD "72"]
[GameID "173681"]

1. e4 e5 2. d4 Nc6 3. d5 Nd4 4. c3 Nf6 5. cxd4 Bb4+ 6. Bd2 a5 7. dxe5 Nxe4 8. Nf3 Qe7 9. a3 Bc5 10. Bd3 Nxf2
11. Qc2 Nxh1 12. Bf4 h6 13. Qe2 O-O 14. Nc3 f5 15. Bc4 g5 16. d6+ Qe6 17. Bxe6+ dxe6 18. Be3 Bb6 19. O-O-O Bxe3+ 20. Qxe3 b6
21. d7 Ba6 22. Rxh1 Rad8 23. Rd1 Bb7 24. Nb5 Ba6 25. Nxc7 Bc4 26. Qxb6 a4 27. Ne8 g4 28. Nf6+ Kg7 29. Nh4 Ba2 30. Rd6 Bc4
31. Nh5+ Kf7 32. Qc6 Bd5 33. Rxd5 Ke7 34. Qxa4 Rc8+ 35. Rc5 Rxc5+ 36. Kb1 f4 37. Nxf4 Rxe5 38. Nhg6+ Kd8 39. Nxf8 Re1+ 40. Ka2 e5
41. Qa5+ Ke7 42. Qxe1 h5 43. N4g6+ Kf7 44. d8=Q Kg7 45. Qxe5+ Kh6 46. Qh8#
1-0

[Event "better than studying"]
[Site "SchemingMind.com"]
[Date "2008.10.04"]
[Round "-"]
[White "sthorwall"]
[Black "Jochen"]
[Result "1-0"]
[WhiteCountry "USA"]
[BlackCountry "GBR"]
[WhiteElo "1739"]
[WhiteRD "60"]
[BlackElo "1114"]
[BlackRD "72"]
[GameID "173682"]

1. e4 e5 2. f4 exf4 3. Nf3 Be7 4. Bc4 Bf6 5. d4 Nc6 6. Bxf4 Qe7 7. Nc3 Nh6 8. Nd5 Qxe4+ 9. Qe2 Qxe2+ 10. Bxe2 Kf8
11. Nxc7 Rb8 12. Na6 Ra8 13. Nc5 Ng4 14. O-O-O b6 15. Ne4 Nb4 16. Bd6+ Be7 17. Bxe7+ Kxe7 18. a3 Nd5 19. Bc4 Nge3 20. Bxd5 Nxd5
21. Rhe1 Kf8 22. c4 Nf6 23. d5 Nh5 24. c5 b5 25. Nd6 Ba6 26. c6 Nf6 27. Ne5 dxc6 28. dxc6 Ke7 29. Nd7+ Kd8 30. Nxf7+ Kc7
31. Nxh8 Kxc6 32. Nxf6 Rc8 33. Re6+ Kb7+ 34. Kb1 Rxh8 35. Rd7+ Kc8 36. Rxg7 Rd8 37. Re8 Rxe8 38. Nxe8 h5 39. Nd6+ Kd8 40. b4 h4
41. Kc2 Bc8 42. Rg8+ Kc7 43. Nxc8 a5 44. bxa5 b4 45. a6 bxa3 46. a7 Kb7 47. Rg7+ Ka8 48. Nb6#
1-0

[Event "better than studying"]
[Site "SchemingMind.com"]
[Date "2008.10.04"]
[Round "-"]
[White "staunton64"]
[Black "Jochen"]
[Result "1-0"]
[WhiteCountry "FRA"]
[BlackCountry "GBR"]
[WhiteElo "1713"]
[WhiteRD "97"]
[BlackElo "1114"]
[BlackRD "72"]
[GameID "173683"]

1. c4 c5 2. Nc3 e6 3. e4 Nc6 4. Nf3 Be7 5. g3 Bf6 6. Bg2 Nd4 7. d3 Qa5 8. Bd2 Nh6 9. Rb1 O-O 10. O-O Ng4
11. Nd5 exd5 12. Bxa5 d6 13. Bc3 dxe4 14. dxe4 Be5 15. Nxe5 Nxe5 16. Bxd4 Bg4 17. f3 Be6 18. Bxe5 dxe5 19. b3 Rac8 20. Qd6 b6
21. f4 Bg4 22. Qxe5 Be2 23. Rfe1 Bh5 24. Qxh5 Rcd8 25. Rbd1 Rc8 26. e5 Rc7 27. Bd5 a5 28. e6 g6 29. exf7+ Kh8 30. Qe5#
1-0